| 000 | 00582cab a2200193 4500 | ||
|---|---|---|---|
| 001 | ABS37827 | ||
| 008 | 090401t1987 xxu||||| |||| 00| 0 eng d | ||
| 035 | _a(Sirsi) u6961 | ||
| 041 | _aeng | ||
| 110 |
_aRoyal Institution of Chartered Surveyors _bInsurance Services _9643 |
||
| 245 | _aTackling the high-tech trickster | ||
| 260 | _c1987 | ||
| 350 | _a0 | ||
| 490 |
_aChartered Surveyor Weekly _v19(13) 25 June 1987, 32(1) |
||
| 520 | _aLooks at claims for fraud under the RICS professional indemnity policy. | ||
| 690 |
_aInsurance _96249 |
||
| 942 | _n0 | ||
| 948 | _c04/03/1997 | ||
| 999 |
_c4144 _d4144 |
||